[Event "ch-TUR 2013"]
[Site "Antalya TUR"]
[Date "2013.02.06"]
[Round "7.74"]
[White "Sahin,Oz"]
[Black "Uyanik,Mehmet"]
[Result "1-0"]
[WhiteElo "1870"]
[BlackElo "1692"]

1.e4 c5 2.Nf3 d6 3.Bb5+ Nc6 4.O-O Nf6 5.Re1 Bd7 6.c3 a6 7.Bf1 e6 8.d4 cxd4
9.cxd4 Be7 10.Nc3 O-O 11.Bg5 Rc8 12.Qd2 b5 13.e5 dxe5 14.dxe5 Nd5 15.Nxd5 exd5
16.Bxe7 Nxe7 17.Ng5 Qb6 18.Bd3 Ng6 19.Re3 h6 20.e6 fxe6 21.Nxe6 Rf6 22.Bxg6 Rxg6
23.Nf4 Rd6 24.Nxd5 Qc5 25.Rd3 Kh8 26.Ne3 Rxd3 27.Qxd3 Qe7 28.Rd1 Bc6 29.f3 Re8
30.Nc2 Qg5 31.b4 Rf8 32.Nd4 Bd5 33.a3 Re8 34.Nf5 Bc4 35.Qd7 Re2 36.Qd8+ Qxd8
37.Rxd8+ Bg8 38.Rd6 Re5 39.g4 Bd5 40.Kf2 h5 41.f4 Re4 42.Rxd5 hxg4 43.Kg3 g6
44.Nh6 Re3+ 45.Kxg4 Kg7 46.Kg5 Rh3 47.Rd7+ Kf8 48.Kxg6 Rxh2 49.Nf5 Rg2+ 50.Kf6 Ke8
51.Ra7 Re2 52.Re7+ Rxe7 53.Nxe7  1-0

[Event "Moscow Open A 2013"]
[Site "Moscow RUS"]
[Date "2013.02.06"]
[Round "5.15"]
[White "Kalegin,E"]
[Black "Smirnov,P"]
[Result "0-1"]
[WhiteElo "2475"]
[BlackElo "2618"]

1.e4 c5 2.Nf3 d6 3.Bb5+ Nd7 4.O-O a6 5.Bd3 Ngf6 6.c3 Qc7 7.Bc2 c4 8.b3 b5
9.bxc4 bxc4 10.Na3 e6 11.Qe2 Nb6 12.Rb1 Be7 13.d3 cxd3 14.Qxd3 O-O 15.Bg5 Nbd7
16.Nc4 Bb7 17.Bxf6 Nxf6 18.Rfe1 Rad8 19.Nd4 Bxe4 20.Rxe4 d5 21.Rh4 dxc4 22.Qh3 g6
23.Re1 Rd5 24.Nxe6 Re5 25.Rhe4 Rxe6 26.Rxe6 fxe6 27.Qxe6+ Rf7 28.Qxa6 Ng4
29.g3 Qc5 30.Re2 Rxf2 31.Qe6+ Kf8  0-1

[Event "ch-TUR 2013"]
[Site "Antalya TUR"]
[Date "2013.02.07"]
[Round "8.35"]
[White "Sahin,Huseyin"]
[Black "Bircan,Selim"]
[Result "1/2-1/2"]
[WhiteElo "1835"]
[BlackElo "1975"]

1.e4 c5 2.Nf3 d6 3.Bb5+ Nd7 4.O-O a6 5.Bxd7+ Qxd7 6.d4 cxd4 7.Qxd4 e6 8.Bg5 h6
9.Bh4 Ne7 10.Bxe7 Qxe7 11.c4 b5 12.cxb5 axb5 13.Nc3 Bd7 14.Rfd1 Rb8 15.a3 Qd8
16.Rd2 Qb6 17.Qb4 Be7 18.Rad1 Rb7 19.h3 Rc7 20.a4 Qc5 21.Qxc5 Rxc5 22.axb5 Bxb5
23.Ra1 Bd7 24.Ra7 Rc8 25.Ne5 Bc6 26.Nc4 Bxe4 27.Nxe4 Rxc4 28.Nxd6+ Bxd6 29.Rxd6 O-O
30.Rdd7 Rc1+ 31.Kh2 Rc2 32.b4 Rxf2 33.b5 Rb8 34.Rab7 Ra8 35.Ra7 Rxa7 36.Rxa7 Rb2
37.Rb7 g5 38.b6 Kg7 39.Rb8 e5 40.b7 Kf6 41.Kg3 h5 42.Kf3 Rb4 43.g4 hxg4+
44.hxg4 Ke7 45.Ke3 Kd7 46.Rf8 Kc7 47.b8=Q+ Rxb8 48.Rxf7+ Kd6 49.Rg7 Kd5 50.Rxg5 Rb3+
51.Kf2 Kd4 52.Rg8 Rb2+ 53.Kg3 Ke3 54.g5 e4 55.g6 Rb7 56.g7 Rd7 57.Kg4 Kd2
58.Kg5 e3 59.Kg6 e2 60.Re8 Rxg7+  1/2-1/2

[Event "ch-TUR 2013"]
[Site "Antalya TUR"]
[Date "2013.02.07"]
[Round "9.47"]
[White "Sahin,Oz"]
[Black "Eldemir,Goksu"]
[Result "0-1"]
[WhiteElo "1870"]
[BlackElo "1631"]

1.e4 c5 2.Nf3 d6 3.Bb5+ Nc6 4.O-O Bd7 5.Re1 a6 6.Bf1 Nf6 7.c3 Bg4 8.h3 Bh5
9.d3 e5 10.Bg5 Be7 11.Nbd2 h6 12.Be3 O-O 13.Be2 Qc7 14.Rc1 d5 15.exd5 Nxd5
16.d4 Nxe3 17.fxe3 exd4 18.exd4 cxd4 19.Nxd4 Bxe2 20.Qxe2 Bh4 21.Rf1 Nxd4
22.cxd4 Qb6 23.Nb3 Bf6 24.Qg4 Rad8 25.Rcd1 Rd5 26.Kh1 Rfd8 27.Rf4 R8d6 28.Qc8+ Rd8
29.Qc4 Qd6 30.Rf3 b5 31.Qf1 Qb6 32.Rfd3 a5 33.Qe2 a4 34.Nc5 Rxd4 35.Rxd4 Bxd4
36.Ne4 Rb8 37.Ng3 Qf6 38.Rf1 Qe5 39.Qf3 f6 40.Nf5 Bxb2 41.Qg4 Rb7 42.Nxh6+ Kh7
43.Nf5 g6 44.Qh4+ Kg8 45.Nh6+ Kg7 46.Re1 Qg5 47.Qe4 Rc7 48.Ng4 f5 49.Qb4 fxg4
50.Qxb2+ Kh7 51.Qf2 g3 52.Qe2 Rc1 53.Rf1 Qf4 54.Re1 Rxe1+ 55.Qxe1 b4 56.Kg1 b3
57.Qb1 Qf2+ 58.Kh1 Qxa2 59.Qe1 Qf2 60.Qe7+ Kh6 61.Qh4+ Kg7 62.Qe7+ Qf7 63.Qe5+ Qf6
64.Qxg3 b2 65.Qd3 a3 66.Qd7+ Kh6 67.Qd2+ Qg5  0-1

[Event "ch-CUB Men Final 2013"]
[Site "Santa Clara CUB"]
[Date "2013.02.07"]
[Round "1.3"]
[White "Bacallao Alonso,Y"]
[Black "Ortiz Suarez,I"]
[Result "0-1"]
[WhiteElo "2543"]
[BlackElo "2585"]

1.e4 c5 2.Nf3 d6 3.Bb5+ Bd7 4.Bxd7+ Nxd7 5.c4 Ngf6 6.Nc3 g6 7.O-O Bg7 8.d4 cxd4
9.Nxd4 O-O 10.b3 a6 11.Be3 e6 12.Nde2 Qe7 13.Bf4 Ne5 14.a4 Nfd7 15.Ra2 Rfd8
16.Rd2 Nc5 17.Qb1 h5 18.Rfd1 Rac8 19.Bxe5 Bxe5 20.f4 Bg7 21.b4 Nxa4 22.Nxa4 Rxc4
23.e5 d5 24.Rd4 b5 25.Rxc4 dxc4 26.Rxd8+ Qxd8 27.Nac3 Bf8 28.Ne4 a5 29.bxa5 Qxa5
30.Qd1 b4 31.Qd7 b3 32.N2c3 b2 33.Qb7 Qa1+ 34.Kf2 Qc1 35.g3 Qc2+ 36.Kf3 Kg7
37.h3 Bc5 38.g4 hxg4+ 39.hxg4 Bd4 40.Qb4 Qd3+ 41.Kg2 Bxc3 42.Nxc3 Qd2+  0-1

[Event "FSFMA February 2013"]
[Site "Budapest HUN"]
[Date "2013.02.08"]
[Round "6.5"]
[White "Mayer,I"]
[Black "Nemeth,O"]
[Result "1-0"]
[WhiteElo "2038"]
[BlackElo "1771"]

1.e4 c5 2.Nf3 d6 3.Bb5+ Nc6 4.O-O Bd7 5.Re1 e5 6.c3 Qb6 7.Na3 Be7 8.Bf1 a6
9.Nc4 Qc7 10.d4 b5 11.Ne3 Nf6 12.Nd5 Qd8 13.a4 Na7 14.dxe5 dxe5 15.Nxe5 Be6
16.Nxe7 Kxe7 17.axb5 Qc7 18.Bf4 Qb7 19.Rxa6 Rhd8 20.Qa4 Rdc8 21.Ra1 Nxe4
22.Be3 f6 23.Rxa7 Rxa7 24.Qxa7 Qxa7 25.Rxa7+ Ke8 26.Nc6 Bd7  1-0

[Event "Bronshoj Long Weekend 2013"]
[Site "Copenhagen DEN"]
[Date "2013.02.08"]
[Round "1.18"]
[White "Jensen,Jonbert M. S."]
[Black "Madsen,Mi"]
[Result "0-1"]
[WhiteElo "1605"]
[BlackElo "2001"]

1.e4 c5 2.Nf3 d6 3.Bb5+ Nc6 4.O-O e5 5.c3 Qb6 6.Na3 Nf6 7.Qe2 Bg4 8.Bxc6+ Qxc6
9.Qb5 Nxe4 10.Qxc6+ bxc6 11.Nh4 Be6 12.d3 Nf6 13.f4 exf4 14.Bxf4 Be7 15.Nc2 Nh5
16.Bg3 Nxg3 17.hxg3 Bf6 18.d4 cxd4 19.cxd4 O-O 20.Nf5 Rfd8 21.b3 Rab8 22.Rad1 Rb5
23.Nce3 Bg5 24.Nc4 Rxf5  0-1

[Event "ch-TUR 2013"]
[Site "Antalya TUR"]
[Date "2013.02.09"]
[Round "11.58"]
[White "Sahin,Oz"]
[Black "Yilmaz,Goktan"]
[Result "0-1"]
[WhiteElo "1870"]
[BlackElo "1746"]

1.e4 c5 2.Nf3 d6 3.Bb5+ Bd7 4.Bxd7+ Qxd7 5.O-O Nc6 6.c3 Nf6 7.Re1 e6 8.d4 cxd4
9.cxd4 d5 10.e5 Ne4 11.Nbd2 Nxd2 12.Bxd2 Be7 13.Rc1 O-O 14.Qb3 Rac8 15.a3 f5
16.exf6 Bxf6 17.Qd3 Qd6 18.h3 Rce8 19.Re2 Bd8 20.g3 Rxf3 21.Qxf3 Nxd4 22.Qg4 Nxe2+
23.Qxe2 Bb6 24.Be3 Bxe3 25.Qxe3 b6 26.Qc3 e5 27.Qc7 Qe7 28.Qc6 d4 29.Qe4 Qd7
30.Rd1 g6 31.g4 g5 32.Rd3 Qd6 33.Rf3 h6 34.h4 Rf8 35.Rxf8+ Kxf8 36.hxg5 d3
37.Qa8+ Kg7 38.Qxa7+ Kg6 39.gxh6 Kxh6 40.Qa4 d2 41.Qd1 e4 42.Kg2 Qd3 43.Kg1 Kg5
44.b4 b5 45.Kh2 Kh4 46.g5 Qh3+  0-1

[Event "35th Georgi Tringov Open"]
[Site "Plovdiv BUL"]
[Date "2013.02.09"]
[Round "8.6"]
[White "Nikolov,Sas"]
[Black "Petkov,V"]
[Result "1-0"]
[WhiteElo "2415"]
[BlackElo "2559"]

1.e4 c5 2.Nf3 d6 3.Bb5+ Nd7 4.d4 cxd4 5.Qxd4 e5 6.Qd3 a6 7.Bxd7+ Bxd7 8.Nc3 h6
9.Nd2 Nf6 10.Nc4 Be6 11.Be3 Rc8 12.Nb6 Rc6 13.Ncd5 Be7 14.O-O-O O-O 15.Kb1 Bxd5
16.Nxd5 Nxd5 17.exd5 Rc8 18.g4 b5 19.f4 exf4 20.Bxf4 Rc4 21.Qg3 Bh4 22.Qf3 Qf6
23.Rhf1 Rfc8 24.c3 b4 25.Bd2 bxc3 26.Bxc3 Qxf3 27.Rxf3 Rxg4 28.Rdf1 Rc7 29.Rf4 Rxf4
30.Rxf4 Bg5 31.Ra4 Ra7 32.Bd4 Ra8 33.b4 Rb8 34.a3 Rb5 35.Rxa6 Rxd5 36.Bc3 Be3
37.a4 f5 38.b5 Rd1+ 39.Kc2 Rc1+ 40.Kb2 Rh1 41.b6 Rxh2+ 42.Kb3 Bxb6 43.Rxb6 f4
44.a5 f3 45.a6 f2 46.a7 f1=Q 47.a8=Q+ Qf8 48.Rb8  1-0

[Event "FSGM February 2013"]
[Site "Budapest HUN"]
[Date "2013.02.10"]
[Round "8.2"]
[White "Gledura,B"]
[Black "Nguyen Huynh Minh Huy"]
[Result "0-1"]
[WhiteElo "2393"]
[BlackElo "2439"]

1.e4 c5 2.Nf3 d6 3.Bb5+ Nd7 4.d4 cxd4 5.Qxd4 a6 6.Bxd7+ Bxd7 7.c4 Bg4 8.Nc3 Nf6
9.Bg5 h6 10.Bh4 g5 11.Bg3 Bg7 12.Qd3 Rc8 13.O-O Nd7 14.Nd2 Be6 15.Rac1 h5
16.h3 h4 17.Bh2 g4 18.hxg4 Bxg4 19.f3 Be6 20.b3 Nf6 21.Qe3 Bh6 22.Qd4 Qa5
23.f4 Rg8 24.Nd5 Ng4 25.b4 Qd8 26.Kh1 Bxd5 27.exd5 Qd7 28.Rf3 Qf5 29.Re1 Kf8
30.c5 Rd8 31.c6 Nf6 32.Qb6 Kg7 33.cxb7 Qxd5 34.Nb3 Kh7 35.Qxa6 Ne4 36.Qa5 Qe6
37.Rg1 Qg4 38.Qa7 Ng3+ 39.Bxg3 hxg3 40.Re1 Bxf4 41.Kg1 Kg6 42.Qd4 e5 43.Qe4+ f5
44.Rxf4 Qxf4 45.Qxf4 exf4 46.Na5 Rd7 47.Kf1 Rb8 48.Re6+ Kg5 49.a3 d5 50.b5 d4
51.Nc4 f3 52.Ne5 fxg2+ 53.Kxg2 Rdxb7 54.Nf3+ Kf4 55.Nxd4 Rxb5 56.Nxb5 Rxb5
57.Rg6 Rb2+  0-1

[Event "Bronshoj Long Weekend 2013"]
[Site "Copenhagen DEN"]
[Date "2013.02.10"]
[Round "5.17"]
[White "Jensen,Simon Stibolt"]
[Black "Jorgensen,Mik"]
[Result "1/2-1/2"]
[WhiteElo "1691"]
[BlackElo "1849"]

1.e4 c5 2.Nf3 d6 3.Bb5+ Nc6 4.Bxc6+ bxc6 5.d4 cxd4 6.Nxd4 Bd7 7.O-O e5 8.Nf3 Nf6
9.Bg5 h6 10.Bxf6 Qxf6 11.h3 g5 12.Nh2 h5 13.f3 Be7 14.Nc3 Qg6 15.Qe2 O-O
16.Nd1 f5 17.exf5 Qxf5 18.Ne3 Qf4 19.Qd3 Kg7 20.c4 Qg3 21.Kh1 Be6 22.Qe4 Rac8
23.Rad1 Rf4 24.Qd3 d5 25.cxd5 cxd5 26.Nxd5 Rd4 27.Qe2 Rxd5 28.Rxd5 Bxd5 29.Rd1 Bf7
30.Nf1 Qf4 31.g3 Qf6 32.g4 hxg4 33.hxg4 Qf4 34.b3 Rh8+ 35.Kg2 Bc5 36.Ng3 Be6
37.Nh5+ Rxh5 38.gxh5 Qf5 39.Rh1 Kh6 40.Qe4 Qxe4 41.fxe4 Bg4 42.Kg3 Bxh5 43.Rh2 Be3
44.Rc2 Be8 45.Kg4 Bh5+  1/2-1/2

[Event "TCh-CZE Div1 Vychod 2012-13"]
[Site "Czech Republic CZE"]
[Date "2013.02.10"]
[Round "7.8"]
[White "Fuksik,J"]
[Black "Bures,Vi"]
[Result "0-1"]
[WhiteElo "2169"]
[BlackElo "2158"]

1.e4 c5 2.Nf3 d6 3.Bb5+ Nd7 4.O-O Nf6 5.Re1 a6 6.Bf1 b6 7.d4 cxd4 8.Nxd4 Bb7
9.Nc3 g6 10.f3 Bg7 11.Be3 O-O 12.Qd2 Rc8 13.Bh6 Ne5 14.Bxg7 Kxg7 15.Rad1 Qc7
16.Qg5 e6 17.f4 h6 18.Qh4 Nc4 19.Bxc4 Qxc4 20.Re3 Rc5 21.b3 Qb4 22.a3 Qxa3
23.Na4 Rh5 24.Qe1 d5 25.e5 Ng4 26.Rh3 b5 27.Nc3 Rf5 28.Nxf5+ gxf5 29.Rd4 Rc8
30.Rg3 h5 31.h3 h4 32.Rgd3 Nh6 33.Qxh4 Rxc3 34.Rxc3 Qa1+ 35.Kh2 Qxc3 36.Rd3 Qc8
37.Qf6+ Kh7 38.c4 Qf8 39.cxb5 axb5 40.Rc3 Qb4 41.Rg3 Qf8 42.Qg5 b4 43.Qh4 Ba6
44.Rf3 d4 45.g4 Be2 46.Rf2 d3 47.Rxe2 dxe2 48.g5 e1=Q 49.Qxe1 Ng8 50.Qc1 Qa8
51.Qc5 Kg7 52.h4 Qb7 53.h5 Ne7 54.Kg3 Nd5 55.h6+ Kg8 56.Qa5 Qc8 57.Kh4 Qc1
58.Qd8+ Kh7 59.Qf8 Qxf4+ 60.Kh3 Qf3+ 61.Kh2 Qh5+ 62.Kg1 Qxg5+ 63.Kf2 Qg8
64.Qc5 Kxh6 65.Qc1+ Qg5  0-1

[Event "TCh-CZE Div1 Zapad 2012-13"]
[Site "Czech Republic CZE"]
[Date "2013.02.10"]
[Round "7.6"]
[White "Boukal,P"]
[Black "Liuba,Volodymyr"]
[Result "1/2-1/2"]
[WhiteElo "2221"]
[BlackElo "2184"]

1.e4 c5 2.Nf3 d6 3.Bb5+ Nc6 4.O-O Bd7 5.Re1 Nf6 6.c3 a6 7.Bf1 Bg4 8.d3 g6
9.Nbd2 Bg7 10.h3 Bxf3 11.Nxf3 O-O 12.Be3 Rc8 13.Qd2 e5 14.Bg5 Qd7 15.d4 cxd4
16.cxd4 exd4 17.Nxd4 Rfe8 18.Bxf6 Bxf6 19.Nxc6 Qxc6 20.Rac1  1/2-1/2

[Event "Novy Bor Open A 2013"]
[Site "Novy Bor CZE"]
[Date "2013.02.10"]
[Round "2"]
[White "Richterova,Natasa"]
[Black "Bores,R"]
[Result "1-0"]
[WhiteElo "1948"]
[BlackElo "2163"]

1.e4 c5 2.Nf3 d6 3.Bb5+ Bd7 4.Bxd7+ Nxd7 5.O-O Ngf6 6.Re1 e6 7.c4 e5 8.Nc3 g6
9.d3 Bg7 10.Bg5 h6 11.Be3 O-O 12.Qd2 Ng4 13.Rab1 f5 14.h3 Nxe3 15.fxe3 a5
16.b3 Kh7 17.a3 f4 18.b4 axb4 19.axb4 fxe3 20.Qxe3 cxb4 21.Nd5 Nc5 22.Rxb4 Ra3
23.Rd1 Qa5 24.Qe2 Ra1 25.Rbb1 Rxb1 26.Rxb1 Ra8 27.Ne1 Qd8 28.Nc2 Qg5 29.Nce3 Ra3
30.Nb4 h5 31.Nec2 Ra8 32.Nd5 Kg8 33.Rb6 Qc1+ 34.Kh2 Ra2 35.Ndb4 Rb2 36.Rxd6 Rb1
37.Rxg6 h4 38.Rxg7+ Kxg7 39.Qg4+ Kf7 40.Qf5+ Ke7 41.Nd5+ Ke8 42.Qxe5+ Kf7
43.Qf6+ Kg8 44.Ne7+ Kh7 45.Qg6+  1-0

[Event "TCh-FIN SM 2012-13"]
[Site "Salo FIN"]
[Date "2013.02.10"]
[Round "11.8"]
[White "Kivijarvi,J"]
[Black "Kosmo,S"]
[Result "0-1"]
[WhiteElo "2213"]
[BlackElo "2208"]

1.e4 c5 2.Nf3 d6 3.Bb5+ Nd7 4.d4 Nf6 5.Nc3 cxd4 6.Qxd4 a6 7.Bxd7+ Bxd7 8.Bg5 h6
9.Bxf6 gxf6 10.Nd5 Rg8 11.Nb6 Rb8 12.Nh4 Bc6 13.f3 e6 14.O-O-O Rg5 15.a4 Rc5
16.Nc4 d5 17.exd5 Qxd5 18.b3 Qxd4 19.Rxd4 Bd5 20.Nb6 Bc6 21.Rhd1 Be7 22.Nd7 Bxd7
23.Rxd7 Rbc8 24.R7d2 Rc3 25.Kb1 f5 26.g3 Bxh4 27.gxh4 Rxf3 28.Rd7 Rf2 29.c4 Rxh2
30.Rxb7 Rd8 31.Rxd8+ Kxd8 32.Rxf7 Rxh4 33.Kc2 h5 34.Kc3 a5 35.c5 Re4 36.Ra7 h4
37.Rxa5 f4 38.Ra8+ Kc7 39.Rg8 h3 40.Rg1 f3 41.Kd3 Re5 42.Rh1 f2 43.Rf1 h2
44.Kd2 Re1  0-1

[Event "Aeroflot Open Rapid Qualifier 2013"]
[Site "Moscow RUS"]
[Date "2013.02.12"]
[Round "4.11"]
[White "Kasimdzhanov,R"]
[Black "Andriasian,Z"]
[Result "1/2-1/2"]
[WhiteElo "2709"]
[BlackElo "2608"]

1.e4 c5 2.Nf3 d6 3.Bb5+ Nc6 4.O-O Bd7 5.c3 a6 6.Ba4 Nf6 7.Re1 c4 8.d4 cxd3
9.Qxd3 g6 10.Bxc6 Bxc6 11.Nd4 Bg7 12.c4 O-O 13.Nc3 Nd7 14.Be3 Rc8 15.Qe2 Nc5
16.f3 Ne6 17.Rad1 Nxd4 18.Bxd4 Bxd4+ 19.Rxd4 b5 20.cxb5 axb5 21.Qf2 Qa5 22.a3 Rb8
23.e5 b4 24.axb4 Rxb4 25.exd6 exd6 26.Rxb4 Qxb4 27.Rd1 Rb8 28.Rd2 Qc5 29.h3 h5
30.Ne2 Ra8 31.Qd4 Ra1+ 32.Kf2 Ra4 33.Qe3 Rb4 34.Nd4 Bd7 35.h4 Qb6 36.b3 Be6
37.Rd3 Bd7 38.Nc2 Qxe3+ 39.Kxe3 Rxh4 40.Rxd6 Be6 41.Nd4 Rxd4 42.Kxd4 Bxb3
43.Ke5 Kg7 44.f4 Bc2 45.g3 Bf5 46.Rb6 Bg4 47.Kd6 Kf6 48.Rb5 Be6 49.Rc5 Bg4
50.Re5 Be6 51.Kc7 Ke7 52.Kc6 Kf6 53.Kd6 Bf5 54.Kc7 g5 55.Kd6  1/2-1/2

[Event "Novy Bor Open A 2013"]
[Site "Novy Bor CZE"]
[Date "2013.02.13"]
[Round "6"]
[White "Richterova,Natasa"]
[Black "Koudelka,Milos"]
[Result "1-0"]
[WhiteElo "1948"]
[BlackElo "1762"]

1.e4 c5 2.Nf3 d6 3.Bb5+ Bd7 4.Bxd7+ Nxd7 5.c4 g6 6.Nc3 e6 7.d4 Bg7 8.O-O Ne7
9.Nb5 Nc8 10.Be3 a6 11.Nc3 O-O 12.Qd2 Ncb6 13.b3 Qe7 14.Rad1 Rad8 15.Qc2 h6
16.h3 Kh7 17.Nh2 e5 18.dxc5 dxc5 19.Nd5 Nxd5 20.Rxd5 b6 21.Nf3 Nb8 22.b4 Nc6
23.Qa4 Nxb4 24.Rxd8 Rxd8 25.a3 Nd3 26.Qxa6 Qc7 27.Rb1 Rb8 28.Qb5 Nf4 29.a4 Ne2+
30.Kf1 Nc3 31.Qb3 Nxb1 32.Qxb1 Qd7 33.a5 Qa4 34.axb6 Qxc4+ 35.Kg1 Rb7 36.Nd2 Qe2
37.Qb3 Qe1+ 38.Kh2 Bf8 39.Nc4 Qb4 40.Qxb4 cxb4 41.Kg1 b3 42.Kf1 Bb4 43.Ke2 Bc3
44.Kd3 Bd4 45.Kd2 f6 46.Kc1 g5 47.Bxd4 exd4 48.Kb2 Rd7 49.Kxb3 Kg7 50.Kc2 Kf8
51.Na5 Rd8 52.Kd3 Rd6 53.Nc4 Rd7 54.Na5 Rd6 55.b7 Rb6 56.Kxd4 Ke8 57.Kc5 Rb1
58.Kc6 Kd8 59.Nc4 Rb3 60.Nb6 Rc3+ 61.Kd6 Rd3+ 62.Nd5 Rb3 63.Kc6 Rb2 64.Nxf6 Rc2+
65.Kb6 Rb2+ 66.Kc6 Rc2+ 67.Kd6 Rb2 68.e5 Rxb7 69.Nd5 Rd7+ 70.Ke6 Ra7 71.Kf6 Ke8
72.e6 Rb7 73.g3 Ra7 74.f4 gxf4 75.gxf4 h5 76.f5 h4 77.Ke5 Kf8 78.f6  1-0

[Event "77th ch-BUL SF 2013"]
[Site "Plovdiv BUL"]
[Date "2013.02.13"]
[Round "4.1"]
[White "Janev,T"]
[Black "Dimitrov,R"]
[Result "1/2-1/2"]
[WhiteElo "2418"]
[BlackElo "2403"]

1.e4 c5 2.Nf3 d6 3.Bb5+ Nd7 4.O-O a6 5.Be2 Ngf6 6.Nc3 b5 7.d4 cxd4 8.Qxd4 e5
9.Qe3 Bb7 10.Ng5 h6 11.Qh3 Be7 12.f4 O-O 13.Nf3 Nxe4 14.Kh1 Nxc3 15.bxc3 e4
16.Nd4 Bf6 17.a4 bxa4 18.Rd1 Nc5 19.Be3 Qa5 20.Ra3 Ne6 21.Nxe6 fxe6 22.Qxe6+ Kh8
23.Qd7 Rab8 24.Ba7 Qd8 25.Qxa4 Rc8 26.Qb4 Qc7 27.Bxa6 Bxa6 28.Rxa6 d5 29.Bd4 Qxf4
30.Raa1 Bxd4 31.Qxd4 e3 32.Re1 Qxd4 33.cxd4 Rxc2 34.Rxe3 Rff2 35.Rg3 Rfd2
36.h3 Rc7 37.Rg4  1/2-1/2

[Event "TCh-FRA w TOP 12 2013"]
[Site "Archamps FRA"]
[Date "2013.02.15"]
[Round "1.3"]
[White "Gara,A"]
[Black "Madl,I"]
[Result "1/2-1/2"]
[WhiteElo "2302"]
[BlackElo "2321"]

1.e4 c5 2.Nf3 d6 3.Bb5+ Bd7 4.Bxd7+ Qxd7 5.c4 Nc6 6.Nc3 g6 7.d4 cxd4 8.Nxd4 Bg7
9.Be3 Nf6 10.f3 O-O 11.O-O a6 12.Qd2 Nxd4 13.Bxd4 b5 14.cxb5 axb5 15.Nd5 Nxd5
16.Bxg7 Kxg7 17.Qxd5 Rfc8  1/2-1/2

[Event "Chess Classic ELO Open 2013"]
[Site "Baden-Baden GER"]
[Date "2013.02.15"]
[Round "9.8"]
[White "Agrest,I"]
[Black "Krulich,R"]
[Result "0-1"]
[WhiteElo "2174"]
[BlackElo "2215"]

1.e4 c5 2.Nf3 d6 3.Bb5+ Nd7 4.O-O a6 5.Bxd7+ Bxd7 6.d3 Nf6 7.Nc3 e6 8.Nd2 Be7
9.f4 Bc6 10.Nf3 O-O 11.Qe1 b5 12.Kh1 Qc7 13.Qg3 Kh8 14.Qh3 Ng8 15.f5 exf5
16.exf5 Rae8 17.Bf4 Bf6 18.Qg3 Be5 19.Bxe5 dxe5 20.Rae1 f6 21.Ne4 Bd5 22.Nfd2 Nh6
23.Qe3 Rc8 24.Rf3 c4 25.dxc4 bxc4 26.Nb1 Rb8 27.b3 cxb3 28.cxb3 Rb4 29.Nbc3 Bb7
30.h3 Rd8 31.Rf2 Qc6 32.Qc5 Rbd4 33.Qxc6 Bxc6 34.Nc5 Rd2 35.Rxd2 Rxd2 36.N5e4 Rd4
37.Ng3 Rd3 38.Nce2 Bd7 39.Rf1 Rd2 40.Kh2 Nxf5 41.Nxf5 Bxf5 42.Ng3 Bd3 43.Rc1 h6
44.Rc7 Rxa2 45.Nh5 Bg6 46.Nxg7 Be4 47.Ne6 Rxg2+ 48.Kh1 Rc2+ 49.Kg1 Rxc7 50.Nxc7 Bd3
51.b4 Kg7 52.Ne6+ Kg6 53.Nc5 Bc4 54.Kf2 Bb5 55.Ke3 f5 56.Kf2 Kg5 57.Ne6+ Kh4
58.Ng7 Bd7 59.Kf3 Kg5  0-1

[Event "Vladimir Petrov Memorial"]
[Site "Jurmala LAT"]
[Date "2013.02.15"]
[Round "3.6"]
[White "Neiksans,A"]
[Black "Zhigalko,S"]
[Result "1/2-1/2"]
[WhiteElo "2532"]
[BlackElo "2656"]

1.e4 c5 2.Nf3 d6 3.Bb5+ Nd7 4.d4 cxd4 5.Qxd4 a6 6.Bxd7+ Bxd7 7.Bg5 h6 8.Bh4 Qa5+
9.Nc3 e5 10.Qd5 Qc7 11.Qd3 Rc8 12.O-O-O g5 13.Nd5 Qa5 14.Bg3 Qxa2 15.Nxe5 Bb5
16.Qd4 Bg7 17.Nc3 Qa1+ 18.Nb1 dxe5 19.Bxe5 Qa4 20.Nc3 Qxd4 21.Bxd4 Bxd4 22.Rxd4 Bc6
23.h4 gxh4 24.Rxh4 Ne7 25.g4 Ng6 26.Rh5 Rd8 27.Rxd8+ Kxd8 28.Kd2 Bd7 29.f3 Be6
30.Ke3 Ke7 31.Ne2 f6 32.Nd4 Ne5 33.b3 Bd7 34.Ne2 Kf7 35.Nf4 Kg7 36.Rh2 Rc8
37.c4 b5 38.Nh5+ Kf7 39.Nxf6 Kxf6 40.Rxh6+ Ng6 41.Rh7 Ne5 42.Rh6+ Ke7 43.Rxa6 bxc4
44.bxc4 Nxc4+ 45.Kf2 Ne5 46.Ra3 Nc4 47.Rc3 Be6 48.Kg3 Rg8 49.Rc1 Ne5 50.Rc3 Rb8
51.g5 Rb1 52.f4 Nc4 53.f5 Bg8 54.Kf4 Rf1+ 55.Rf3 Re1 56.Rc3 Nd6 57.Re3 Rf1+
58.Rf3 Ra1 59.e5 Ra4+ 60.Kg3 Ne4+ 61.Kg4 Nf6+ 62.Kh3 Ne4 63.Kg4 Nf6+ 64.Kh3 Nh7
65.Rg3 Nf8 66.g6 Ke8 67.e6 Rf4 68.Rg5 Ke7 69.Kg3 Ra4 70.Rh5 Nxg6 71.Rg5 Ra3+
72.Kh2 Ra2+ 73.Kg3 Ra3+ 74.Kh2 Nh4 75.Rxg8 Nxf5 76.Rg6 Nd4 77.Rg3 Ra2+ 78.Kh3 Kxe6
79.Rg8 Nf5 80.Rb8 Ke5 81.Rb5+ Kf4 82.Rb4+ Kg5 83.Rg4+ Kf6 84.Rb4 Rd2 85.Ra4 Rd1
86.Kg2 Rd3 87.Kf2 Nd4 88.Ra5 Nf5 89.Rb5 Kg5 90.Rb4 Nd4 91.Rb8 Kf4 92.Rf8+ Nf5
93.Ke2 Rd7 94.Rf6 Ke5 95.Rf8 Nd6 96.Ra8 Rh7 97.Ra5+ Kf4 98.Ra8 Rh3 99.Ra6 Ne4
100.Ra8 Re3+ 101.Kd1 Rc3 102.Ke2 Re3+ 103.Kd1 Rh3 104.Ke2 Nd6 105.Ra4+ Ke5
106.Ra5+ Kd4 107.Ra4+ Nc4 108.Ra8 Rh2+ 109.Kf3 Ne5+ 110.Kg3 Rh7 111.Ra4+ Ke3
112.Ra3+ Nd3 113.Kg4 Rf7 114.Ra4 Nc5 115.Ra8 Ne6 116.Ra3+ Ke4 117.Ra4+ Nd4
118.Kg3 Rf3+ 119.Kg4 Rf8 120.Kg3 Rf7 121.Ra8 Ne2+ 122.Kg2 Nf4+ 123.Kg3 Rg7+
124.Kf2 Rg2+ 125.Kf1 Rc2 126.Re8+  1/2-1/2

[Event "Vladimir Petrov Memorial"]
[Site "Jurmala LAT"]
[Date "2013.02.15"]
[Round "3.4"]
[White "Kulaots,K"]
[Black "Wojtaszek,R"]
[Result "0-1"]
[WhiteElo "2582"]
[BlackElo "2710"]

1.e4 c5 2.Nf3 d6 3.Bb5+ Nd7 4.d4 cxd4 5.Qxd4 a6 6.Bxd7+ Bxd7 7.c4 Nf6 8.O-O g6
9.Nc3 Bg7 10.Qd3 O-O 11.Nd4 Rc8 12.Bg5 Qc7 13.Bxf6 Bxf6 14.Nd5 Qxc4 15.Nxf6+ exf6
16.Qxc4 Rxc4 17.Rfd1 Rfc8 18.f3 Kf8 19.Rd2 Rc1+ 20.Rxc1 Rxc1+ 21.Kf2 Ke7
22.a3 h5 23.Ne2 Rc5 24.Nf4 Be6 25.h4 f5 26.exf5 Rxf5 27.Ne2 Rc5 28.Nd4 Kd7
29.Ke3 Rc1 30.Kf4 Rh1 31.Kg5 Rh2 32.Nxe6 fxe6 33.Re2 d5 34.f4 Kd6 35.Kxg6 Rxh4
36.g3 Rg4+ 37.Kf6 Rxg3 38.Rxe6+ Kc5 39.f5 d4 40.Re7 d3 41.Rxb7 h4 42.Ke5 h3
43.f6 h2 44.Rc7+ Kb6 45.Rc1 Rg1 46.f7 h1=Q 47.Rxg1 Qxg1  0-1

[Event "TCh-FRA w TOP 12 2013"]
[Site "Archamps FRA"]
[Date "2013.02.16"]
[Round "2.1"]
[White "Genova,Ly"]
[Black "Sebag,M"]
[Result "0-1"]
[WhiteElo "2276"]
[BlackElo "2530"]

1.e4 c5 2.Nf3 d6 3.Bb5+ Nc6 4.O-O Bd7 5.Re1 Nf6 6.c3 a6 7.Bf1 Bg4 8.h3 Bxf3
9.Qxf3 g6 10.d3 Bg7 11.Be3 Nd7 12.Nd2 O-O 13.Qd1 e6 14.f4 b5 15.Nf3 b4 16.Qd2 Qa5
17.Rec1 Rab8 18.f5 bxc3 19.bxc3 exf5 20.exf5 Nde5 21.Ng5 gxf5 22.Be2 Rfe8
23.Bh5 Ng6 24.Bf4 Qa3 25.Bxd6 Rb2 26.Rc2 Rxc2 27.Qxc2 Rd8 28.Bg3 Qxc3 29.Rc1 Qxc2
30.Rxc2 Nb4 31.Rc4 Nxd3 32.Bc7 Rd7 33.Bb6 Rb7 34.Ba5 Rb1+ 35.Kh2 Be5+ 36.g3 Rb2+
37.Kh1 Rxa2 38.Bb6 h6 39.Nf3 Bxg3 40.Bxc5 Nxc5 41.Rxc5 Nf4 42.Rxf5 Ra1+ 43.Ng1 Nxh5
44.Kg2 Ra2+ 45.Kf3 Rf2+  0-1

[Event "e2e4 Brighton Masters 2013"]
[Site "Brighton ENG"]
[Date "2013.02.16"]
[Round "1"]
[White "Player,E"]
[Black "Gormally,D"]
[Result "0-1"]
[WhiteElo "2248"]
[BlackElo "2500"]

1.e4 c5 2.Nf3 d6 3.Bb5+ Nd7 4.O-O Nf6 5.Re1 a6 6.Bf1 b6 7.b3 Bb7 8.d3 g6
9.Bb2 Bg7 10.g3 O-O 11.Bg2 Qc7 12.c3 b5 13.Nbd2 Ne5 14.Qe2 Nxf3+ 15.Bxf3 Nd7
16.Bg2 b4 17.Rec1 a5 18.Nc4 bxc3 19.Bxc3 Bxc3 20.Rxc3 a4 21.Bh3 e6 22.Qb2 d5
23.exd5 exd5 24.Nd2 d4 25.Rc2 Qc6 26.f3 Ne5 27.Qc1 axb3 28.Nxb3 Nxf3+ 29.Kf2 Ne5
30.Qh1 Qf6+  0-1

[Event "TCh-CAT Div Hon 2013"]
[Site "Catalonia ESP"]
[Date "2013.02.16"]
[Round "5.5"]
[White "Rahal,M"]
[Black "Fernandez Cazorla,A"]
[Result "1-0"]
[WhiteElo "2353"]
[BlackElo "2207"]

1.e4 c5 2.Nf3 d6 3.Bb5+ Nd7 4.c3 Nf6 5.d3 a6 6.Ba4 b5 7.Bc2 e5 8.O-O Be7
9.a4 Bb7 10.Na3 O-O 11.Re1 Qb6 12.Bd2 Rfe8 13.h3 Bf8 14.Bg5 h6 15.Bxf6 Nxf6
16.c4 b4 17.Nb1 g6 18.Nbd2 Nh5 19.Nf1 Nf4 20.Ne3 Qd8 21.Kh2 h5 22.Nd5 Bh6
23.a5 Nxd5 24.cxd5 Bc8 25.Nd2 Rf8 26.Nc4 f5 27.Nb6 Ra7 28.Nxc8 Qxc8 29.d4 cxd4
30.Kg1 Raf7 31.f3 Kg7 32.Bd3 Qc5 33.Qc2 fxe4 34.Qxc5 dxc5 35.Rxe4 Kf6 36.Bxa6 b3
37.Bc4 Rb8 38.d6 Rd7 39.a6 Rxd6 40.Kf1 d3 41.Ke1 d2+ 42.Kd1 Bf4 43.h4 Ke7
44.Ra3 Rd7 45.Rxb3 Rxb3 46.Bxb3 Ra7 47.Ra4 Kd6 48.Bc2 g5 49.hxg5 Bxg5 50.g3 Bh6
51.f4 exf4 52.gxf4 c4 53.Kxd2 Bxf4+ 54.Kc3 Be5+ 55.Kxc4 Bxb2 56.Kb5 Bc1 57.Be4 Re7
58.a7 Re5+ 59.Ka6  1-0

[Event "Frau Bundesliga Div1 2012-13"]
[Site "Germany GER"]
[Date "2013.02.16"]
[Round "8.2"]
[White "Zozulia,A"]
[Black "Ohme,M"]
[Result "1/2-1/2"]
[WhiteElo "2345"]
[BlackElo "2322"]

1.e4 c5 2.Nf3 d6 3.Bb5+ Nc6 4.O-O Bd7 5.Re1 a6 6.Bxc6 Bxc6 7.e5 dxe5 8.Nxe5 Qd5
9.Nxc6 Qxc6 10.d3 e6 11.Nc3 Nf6 12.Bg5 Be7 13.a4 b6 14.Qe2 h6 15.Bh4 Ra7
16.Ne4 Nxe4 17.Bxe7 Nd6 18.Bxd6 Qxd6 19.Ra3 O-O 20.Rb3 Rd8 21.Qe5 Rc7 22.h3 Rc6
23.Rc3 a5 24.Rc4 Qxe5 25.Rxe5 Rd4 26.Re4 Rxc4 27.Rxc4 Rd6 28.Kf1 f5 29.Ke2 Kf7
30.Ke3 e5 31.f4 Rd4 32.Rxd4 cxd4+ 33.Kf3 Ke6 34.h4 g6 35.g3 Kd5 36.fxe5 Kxe5
37.g4 g5 38.hxg5 hxg5 39.gxf5 Kxf5 40.c3 g4+ 41.Kg3 dxc3 42.bxc3 Kg5 43.c4 Kf5
44.d4 Ke4 45.d5 Kf5 46.Kf2 Ke5 47.Kg2 Kf6 48.Kg3 Kf5 49.Kf2 Ke5 50.Kg3  1/2-1/2